[Event "9.Offene Senioren SH 2015"]
[Site "Buesum"]
[Date "2015.09.30"]
[Round "3.1"]
[White "Jacoby, Gisbert"]
[Black "Ackermann, Hans Werner"]
[Result "1/2-1/2"]
[WhiteElo "2151"]
[BlackElo "2333"]
[PlyCount "45"]
[EventDate "2015.??.??"]
[WhiteTeam "Hamburger SK"]
[BlackTeam "SSC Rostock"]

1. c4 Nf6 2. Nc3 e5 3. Nf3 Nc6 4. e3 Bb4 5. d4 e4 6. Nd2 Bxc3 7. bxc3 O-O 8. g4
d6 9. h3 h6 10. Be2 Re8 11. Qc2 Na5 12. Ba3 b6 13. O-O-O Ba6 14. h4 d5 15. g5
Nh7 16. Rdg1 Nxc4 17. Nxc4 Bxc4 18. f4 Kh8 19. f5 Qd7 20. Bxc4 dxc4 21. Qf2 Qa4
22. Kb2 Qc6 23. Qf4 1/2-1/2

[Event "9.Offene Senioren SH 2015"]
[Site "Buesum"]
[Date "2015.09.30"]
[Round "3.2"]
[White "Werner, Clemens"]
[Black "Rueberg, Jobst"]
[Result "1-0"]
[WhiteElo "2330"]
[BlackElo "2143"]
[PlyCount "59"]
[EventDate "2015.??.??"]
[WhiteTeam "Karlsruher SF"]
[BlackTeam "SV Ahlen"]

1. e4 c5 2. Nf3 e6 3. c3 d5 4. exd5 exd5 5. d4 a6 6. Be2 Nc6 7. O-O Bd6 8. dxc5
Bxc5 9. Nbd2 Nge7 10. Nb3 Bd6 11. Bg5 O-O 12. Bh4 Bg4 13. Bg3 Bxg3 14. hxg3 Qb6
15. Qd2 Rad8 16. Rad1 Bc8 17. Rfe1 Bf5 18. Nfd4 Bg6 19. Bf3 Rd7 20. Nxc6 bxc6
21. Qd4 Qb8 22. Nc5 Ra7 23. g4 Nc8 24. b3 a5 25. Rd2 Nb6 26. Rde2 h6 27. Re7
Rxe7 28. Rxe7 Qd6 29. Ne6 f6 30. Rxg7+ 1-0

[Event "9.Offene Senioren SH 2015"]
[Site "Buesum"]
[Date "2015.09.30"]
[Round "3.3"]
[White "Zunker, Reinhard"]
[Black "Bartsch, Berthold"]
[Result "0-1"]
[WhiteElo "2135"]
[BlackElo "2323"]
[PlyCount "98"]
[EventDate "2015.??.??"]
[WhiteTeam "SV Hofheim"]
[BlackTeam "SC Forchheim"]

1. d4 Nf6 2. Nf3 d5 3. c4 c6 4. e3 e6 5. Nc3 Bd6 6. Bd3 Nbd7 7. Qc2 dxc4 8. Bxc4
e5 9. Bd2 exd4 10. Nxd4 O-O 11. Be2 Re8 12. Rd1 Qc7 13. h3 a6 14. O-O c5 15. Nf5
Bf8 16. e4 b5 17. Bg5 Bb7 18. f3 c4 19. Bh4 g6 20. Bg3 Qb6+ 21. Bf2 Qe6 22. Ne3
Nb6 23. Rfe1 Rac8 24. Bf1 Qe5 25. Ned5 Nbxd5 26. exd5 Qf4 27. Rxe8 Rxe8 28. Qd2
Qxd2 29. Rxd2 Bb4 30. Bd4 Nxd5 31. Nxd5 Bxd5 32. Re2 Rxe2 33. Bxe2 f5 34. f4 Kf7
35. Kf2 Bd2 36. Be5 Ke6 37. a3 Be4 38. g3 Kd5 39. Bc3 Bxc3 40. bxc3 a5 41. Ke3
Kc5 42. g4 b4 43. axb4+ axb4 44. Kd2 b3 45. Kc1 g5 46. fxg5 f4 47. h4 f3 48. Bf1
Bd3 49. Bh3 Kd6 0-1

[Event "9.Offene Senioren SH 2015"]
[Site "Buesum"]
[Date "2015.09.30"]
[Round "3.4"]
[White "Glaeser, Wilfried"]
[Black "Schumacher, Gottfried"]
[Result "1/2-1/2"]
[WhiteElo "2135"]
[BlackElo "2246"]
[PlyCount "74"]
[EventDate "2015.??.??"]
[WhiteTeam "SK Anderten"]
[BlackTeam "HTC Bad Neuenahr"]

1. Nf3 c5 2. c4 Nf6 3. g3 d5 4. cxd5 Nxd5 5. Bg2 Nc6 6. Nc3 g6 7. O-O Bg7 8. Ne5
Bxe5 9. Nxd5 O-O 10. d3 Bg4 11. Bh6 Re8 12. Qd2 Rc8 13. Rac1 Nd4 14. Rfe1 Qd7
15. Ne3 Be6 16. b3 b6 17. Nc4 Bh8 18. Bf4 Bd5 19. Be5 Bxg2 20. Bxh8 Bb7 21. Bxd4
Qd5 22. f3 cxd4 23. Na3 Qe5 24. Rxc8 Rxc8 25. Nc4 Qe6 26. e4 dxe3 27. Qxe3 Qxe3+
28. Rxe3 Kf8 29. a4 Bd5 30. Kf2 f6 31. f4 Rc6 32. Re2 a6 33. Rb2 b5 34. axb5
axb5 35. Na3 Rc3 36. Ke3 b4 37. Nc2 Bxb3 1/2-1/2

[Event "9.Offene Senioren SH 2015"]
[Site "Buesum"]
[Date "2015.09.30"]
[Round "3.5"]
[White "Gehrmann, Rudolf-Rainer"]
[Black "Ljubarskij, Juri"]
[Result "0-1"]
[WhiteElo "2132"]
[BlackElo "2226"]
[PlyCount "82"]
[EventDate "2015.??.??"]
[WhiteTeam "SV Eutin"]
[BlackTeam "Hannover 96"]

1. c4 e5 2. Nc3 Nf6 3. g3 g6 4. Bg2 Bg7 5. d3 O-O 6. Nf3 Re8 7. O-O Nc6 8. Rb1
a5 9. Bg5 h6 10. Bd2 Qe7 11. a3 d6 12. b4 axb4 13. axb4 e4 14. dxe4 Nxe4 15. Nd5
Qd8 16. Be3 Ne7 17. Nxe7+ Qxe7 18. Rc1 Nc3 19. Qd2 Ra2 20. Rc2 Rxc2 21. Qxc2 Bf5
22. Qd2 Ra8 23. Bxh6 Nxe2+ 24. Kh1 Bc3 25. Qd1 Qe6 26. Ng5 Qxc4 27. Bd5 Qd3 28.
Bxb7 Ra1 29. Qxa1 Bxa1 30. Rxa1 Bc8 31. Bxc8 Qd4 32. Rf1 f6 33. Ba6 fxg5 34. f3
Nxg3+ 35. hxg3 Qh8 36. Kg2 Qxh6 37. Bc4+ Kf8 38. Re1 Qg7 39. Re4 Qb2+ 40. Kh3
Qxb4 41. Bf7 Qxe4 0-1

[Event "9.Offene Senioren SH 2015"]
[Site "Buesum"]
[Date "2015.09.30"]
[Round "3.6"]
[White "Kierzek, Matthias"]
[Black "Hunold, Rolf"]
[Result "1/2-1/2"]
[WhiteElo "2226"]
[BlackElo "2093"]
[PlyCount "46"]
[EventDate "2015.??.??"]
[WhiteTeam "SC Fulda"]
[BlackTeam "SV Ruhrspringer"]

1. d4 Nf6 2. c4 c5 3. d5 e5 4. Nc3 d6 5. e4 a6 6. Bd3 Be7 7. h3 O-O 8. Nf3 Ne8
9. g4 Bd7 10. Qe2 Nc7 11. a4 a5 12. Bd2 Nba6 13. Rc1 Nb4 14. Bb1 b6 15. b3 Kh8
16. Nd1 Ne8 17. Ne3 g6 18. Nf1 Ng7 19. Bh6 f6 20. Ng3 Rf7 21. Kd2 Bf8 22. Be3
Qc8 23. Nh4 Be7 1/2-1/2

[Event "9.Offene Senioren SH 2015"]
[Site "Buesum"]
[Date "2015.09.30"]
[Round "3.7"]
[White "Achenbach, Manfred"]
[Black "Lutz, Albert"]
[Result "1/2-1/2"]
[WhiteElo "2094"]
[BlackElo "2204"]
[PlyCount "45"]
[EventDate "2015.??.??"]
[WhiteTeam "SC Muelheim"]
[BlackTeam "SK Krumbach"]

1. Nf3 d5 2. c4 e6 3. g3 Nf6 4. Bg2 dxc4 5. Qa4+ Bd7 6. Qxc4 Bc6 7. O-O Nbd7 8.
Nc3 Nb6 9. Qb3 Be7 10. d4 O-O 11. Qc2 Bxf3 12. Bxf3 c6 13. Rd1 Rc8 14. e4 Qd7
15. a4 a5 16. b3 Rfd8 17. Be3 Qc7 18. Rac1 Rd7 19. Qe2 Qd8 20. Bg2 c5 21. Nb5
cxd4 22. Rxc8 Nxc8 23. Rxd4 1/2-1/2

[Event "9.Offene Senioren SH 2015"]
[Site "Buesum"]
[Date "2015.09.30"]
[Round "3.8"]
[White "Hess, Christian"]
[Black "Rychlik, Kurt"]
[Result "1-0"]
[WhiteElo "2203"]
[BlackElo "2060"]
[PlyCount "67"]
[EventDate "2015.??.??"]
[WhiteTeam "FC St. Pauli"]
[BlackTeam "SV Berenbostel"]

1. Nf3 g6 2. e4 d6 3. d4 Bg7 4. Be3 Nf6 5. Nc3 a6 6. Qd2 h6 7. h3 b5 8. Bd3 Bb7
9. a3 Nbd7 10. O-O c5 11. e5 dxe5 12. dxe5 Nd5 13. e6 Nf8 14. exf7+ Kxf7 15.
Nxd5 Qxd5 16. Rad1 Qc6 17. c3 e5 18. Bb1 Re8 19. Qc2 e4 20. Nd2 Nh7 21. f3 exf3
22. Nxf3 Kg8 23. Bf4 Nf8 24. Rd6 Qc8 25. Qd2 Be4 26. Bxe4 Rxe4 27. Qd5+ Re6 28.
Re1 Kf7 29. Rexe6 Nxe6 30. Rd7+ Kg8 31. Qxe6+ Kh7 32. Rxg7+ Kxg7 33. Be5+ Kh7
34. Qf7# 1-0

[Event "9.Offene Senioren SH 2015"]
[Site "Buesum"]
[Date "2015.09.30"]
[Round "3.9"]
[White "Villing, Dieter"]
[Black "Szenetra, Werner"]
[Result "1/2-1/2"]
[WhiteElo "2066"]
[BlackElo "2200"]
[PlyCount "21"]
[EventDate "2015.??.??"]
[WhiteTeam "SK Ludwigshafen"]
[BlackTeam "SV Berenbostel"]

1. e4 d6 2. d4 Nf6 3. Nc3 g6 4. Bf4 Bg7 5. Nf3 O-O 6. e5 dxe5 7. dxe5 Qxd1+ 8.
Kxd1 Ng4 9. Ke1 c6 10. h3 Nh6 11. g4 1/2-1/2

[Event "9.Offene Senioren SH 2015"]
[Site "Buesum"]
[Date "2015.09.30"]
[Round "3.10"]
[White "Schulz, Wolfgang"]
[Black "Lotzien, Hans"]
[Result "1/2-1/2"]
[WhiteElo "2052"]
[BlackElo "2165"]
[PlyCount "98"]
[EventDate "2015.??.??"]
[WhiteTeam "Hamburger SK"]
[BlackTeam "Godesberger SK"]

1. e4 e5 2. Nf3 Nc6 3. Bb5 Bd6 4. O-O Nge7 5. c3 Ng6 6. d4 O-O 7. Nbd2 a6 8.
Bxc6 dxc6 9. Nc4 Bg4 10. h3 Bxf3 11. Qxf3 Qe7 12. dxe5 Bxe5 13. Nxe5 Nxe5 14.
Qg3 Rad8 15. Be3 c5 16. Rad1 b6 17. Bf4 f6 18. Bxe5 fxe5 19. Qg4 h6 20. Rxd8
Rxd8 21. Rd1 Rd6 22. Rxd6 Qxd6 23. Qc8+ Kh7 24. Qxa6 Qd1+ 25. Qf1 Qc2 26. Qc4
Qxb2 27. g3 Qd2 28. a4 Kh8 29. Kg2 Qd6 30. h4 Kh7 31. Qf7 Kh8 32. h5 Kh7 33. Kh3
Kh8 34. f3 Qd1 35. Qe8+ Kh7 36. Kg4 Qd6 37. Qf7 Kh8 38. Kf5 Qd8 39. Kxe5 Qd6+
40. Kf5 Qd2 41. Qe8+ Kh7 42. Qe5 Qd7+ 43. Kf4 Qxa4 44. Qxc7 Qc4 45. Qe5 b5 46.
Qf5+ Kh8 47. Qc8+ Kh7 48. Qf5+ Kg8 49. Qc8+ Kh7 1/2-1/2

[Event "9.Offene Senioren SH 2015"]
[Site "Buesum"]
[Date "2015.09.30"]
[Round "3.12"]
[White "Hassenrueck, Helmut"]
[Black "Limberg, Siegfried"]
[Result "0-1"]
[WhiteElo "2240"]
[BlackElo "2037"]
[PlyCount "54"]
[EventDate "2015.??.??"]
[WhiteTeam "SG-Gladbeck"]
[BlackTeam "SF Taunus"]

1. d4 d5 2. Nf3 Nf6 3. c4 c6 4. e3 e6 5. Nbd2 Nbd7 6. Bd3 Bd6 7. O-O O-O 8. e4
dxe4 9. Nxe4 Nxe4 10. Bxe4 h6 11. Bc2 Re8 12. Qd3 Nf8 13. b3 b6 14. Bb2 Bb7 15.
Rad1 Qe7 16. Ne5 Rad8 17. Qh3 c5 18. dxc5 Bxc5 19. Qh5 Nd7 20. Nxd7 Rxd7 21.
Rxd7 Qxd7 22. Rd1 Qe7 23. Qg4 f5 24. Qg6 Bc6 25. Re1 Qf7 26. Qg3 Rd8 27. h4 Rd2
0-1

[Event "9.Offene Senioren SH 2015"]
[Site "Buesum"]
[Date "2015.09.30"]
[Round "3.13"]
[White "Weidlich, Guenter"]
[Black "Weiss, Hartwig"]
[Result "1/2-1/2"]
[WhiteElo "2197"]
[BlackElo "1997"]
[PlyCount "40"]
[EventDate "2015.??.??"]
[WhiteTeam "SV Dresden-Leuben"]
[BlackTeam "SK Minden"]

1. Nf3 Nf6 2. g3 d5 3. Bg2 Bf5 4. b3 e6 5. Bb2 Bd6 6. O-O c6 7. d4 Nbd7 8. c4 h5
9. Nc3 h4 10. Nd2 hxg3 11. hxg3 Bh3 12. Bxh3 Rxh3 13. Kg2 Rh8 14. e4 dxe4 15.
Ndxe4 Nxe4 16. Nxe4 Nf6 17. Nxf6+ Qxf6 18. Qe2 Qg5 19. Rh1 O-O-O 20. Rad1 Bc7
1/2-1/2

[Event "9.Offene Senioren SH 2015"]
[Site "Buesum"]
[Date "2015.09.30"]
[Round "3.14"]
[White "Nyberg, Ulf"]
[Black "Schnaitmann, Herbert"]
[Result "1-0"]
[WhiteElo "2151"]
[BlackElo "1995"]
[PlyCount "65"]
[EventDate "2015.??.??"]
[WhiteTeam "SK Kamraterna Goeteborg"]
[BlackTeam "SC Grunbach"]

1. d4 g6 2. c4 Bg7 3. Nc3 d6 4. Nf3 Nd7 5. e4 c5 6. Be2 cxd4 7. Nxd4 Ngf6 8. O-O
O-O 9. Be3 a6 10. f4 Qc7 11. Rc1 e6 12. Qd2 Rd8 13. Rfd1 Nc5 14. Bf3 Bd7 15. Nb3
Bc6 16. Nxc5 dxc5 17. Qf2 b6 18. e5 Nd7 19. Ne4 Bxe4 20. Bxe4 Rab8 21. Rd6 f6
22. Rc6 Qa7 23. exf6 Nxf6 24. Bf3 Qe7 25. h3 e5 26. fxe5 Qxe5 27. Re1 Qf5 28.
Bd2 Nd7 29. Bd5+ Kf8 30. Qxf5+ gxf5 31. Rf1 Bxb2 32. Bh6+ Ke8 33. Re6+ 1-0

[Event "9.Offene Senioren SH 2015"]
[Site "Buesum"]
[Date "2015.09.30"]
[Round "3.15"]
[White "Dahlhaus, Friedhelm"]
[Black "Schwertel, Johann"]
[Result "1/2-1/2"]
[WhiteElo "2121"]
[BlackElo "1991"]
[PlyCount "51"]
[EventDate "2015.??.??"]
[WhiteTeam "DJK Wacker Bergeborbeck"]
[BlackTeam "SV Koblenz"]

1. e4 c6 2. d4 d5 3. exd5 cxd5 4. c4 e6 5. Nc3 Nf6 6. Nf3 dxc4 7. Bxc4 Be7 8.
O-O O-O 9. Re1 a6 10. Ne5 b5 11. Qf3 Ra7 12. Bd3 Bb7 13. Qh3 Nbd7 14. Bg5 g6 15.
Qh4 Nd5 16. Bxe7 Nxe7 17. Nxd7 Qxd7 18. Re3 Nf5 19. Bxf5 exf5 20. Re7 Qc8 21.
Rae1 Ra8 22. d5 Rb8 23. Qf4 b4 24. Qxb4 Bxd5 25. Qd6 Be6 26. Rc7 1/2-1/2

[Event "9.Offene Senioren SH 2015"]
[Site "Buesum"]
[Date "2015.09.30"]
[Round "3.16"]
[White "Erhart, Uwe"]
[Black "Krotofil, Kurt"]
[Result "1/2-1/2"]
[WhiteElo "2087"]
[BlackElo "1986"]
[PlyCount "44"]
[EventDate "2015.??.??"]
[WhiteTeam "Raisdorfer SG"]
[BlackTeam "Niendorfer TSV"]

1. e4 c5 2. Nf3 Nc6 3. Bb5 g6 4. O-O Bg7 5. Re1 Nf6 6. c3 O-O 7. d4 d5 8. exd5
Qxd5 9. dxc5 Qxc5 10. Be2 Ng4 11. Rf1 Rd8 12. Qe1 Bf5 13. h3 Nge5 14. Be3 Qa5
15. Qc1 Nd3 16. Bxd3 Bxd3 17. Re1 Rd7 18. Nbd2 Rc8 19. Nb3 Qb5 20. Nc5 Rd5 21.
Nxd3 Qxd3 22. Rd1 Qf5 1/2-1/2

[Event "9.Offene Senioren SH 2015"]
[Site "Buesum"]
[Date "2015.09.30"]
[Round "3.17"]
[White "Stratmann, Dietrich"]
[Black "Nickel, Arno"]
[Result "0-1"]
[WhiteElo "1677"]
[BlackElo "2087"]
[PlyCount "98"]
[EventDate "2015.??.??"]
[WhiteTeam "SC Northeim"]
[BlackTeam "Flensburger SK"]

1. d4 Nf6 2. Nf3 g6 3. e3 Bg7 4. Be2 O-O 5. Nbd2 d6 6. c4 c5 7. O-O Bf5 8. Nh4
Bd7 9. Nhf3 Nc6 10. d5 Nb4 11. a3 Na6 12. e4 Rb8 13. Rb1 Qa5 14. b3 b5 15. cxb5
Bxb5 16. Bxb5 Qxb5 17. Qc2 Rfc8 18. Qc4 Qxc4 19. bxc4 Rxb1 20. Nxb1 Nxe4 21.
Nfd2 Nxd2 22. Bxd2 Rb8 23. g3 Rb3 24. Re1 Bd4 25. Be3 Bxe3 26. fxe3 Kg7 27. h3
f5 28. g4 Kf6 29. Kf2 Nb8 30. Kf3 Nd7 31. gxf5 Ne5+ 32. Ke2 gxf5 33. h4 Rb2+ 34.
Nd2 Nxc4 35. Rd1 Ke5 36. Kd3 Rxd2+ 37. Rxd2 Nxd2 38. Kxd2 Ke4 39. a4 c4 40. a5
a6 41. h5 h6 42. Ke2 c3 43. Kd1 Kd3 44. e4 f4 45. e5 f3 46. Ke1 c2 47. Kf2 Ke4
48. exd6 exd6 49. Ke1 Ke3 0-1

[Event "9.Offene Senioren SH 2015"]
[Site "Buesum"]
[Date "2015.09.30"]
[Round "3.18"]
[White "Reinhold, Klaus"]
[Black "Josting, Friedel"]
[Result "1-0"]
[WhiteElo "2057"]
[BlackElo "1942"]
[PlyCount "53"]
[EventDate "2015.??.??"]
[WhiteTeam "SC Gronau"]
[BlackTeam "SG Buende"]

1. d4 Nf6 2. c4 e6 3. Nf3 c5 4. d5 exd5 5. cxd5 d6 6. Nc3 g6 7. Bf4 Bg7 8. Qa4+
Kf8 9. h3 Kg8 10. e3 Qe7 11. Nd2 Nbd7 12. Nc4 Ne8 13. Nb5 Be5 14. Bxe5 dxe5 15.
d6 Qd8 16. O-O-O Kg7 17. Be2 f5 18. Rd2 Rf8 19. Rhd1 a6 20. Nc7 Nxc7 21. dxc7
Qf6 22. Rxd7+ Bxd7 23. Rxd7+ Rf7 24. Rxf7+ Qxf7 25. Nb6 Rc8 26. Nxc8 Qxc7 27.
Qe8 1-0

[Event "9.Offene Senioren SH 2015"]
[Site "Buesum"]
[Date "2015.09.30"]
[Round "3.19"]
[White "Kurka, Dieter"]
[Black "Mewes, Hans-Dieter"]
[Result "1-0"]
[WhiteElo "2044"]
[BlackElo "1929"]
[PlyCount "81"]
[EventDate "2015.??.??"]
[WhiteTeam "Koelner SK Dr. Lasker"]
[BlackTeam "TV Meckelfeld"]

1. d4 Nf6 2. c4 e6 3. g3 d5 4. Nf3 b6 5. Bg2 Bb7 6. O-O Be7 7. cxd5 exd5 8. Nc3
O-O 9. Qc2 a6 10. Ne5 Nbd7 11. Rd1 Re8 12. Bf4 Nf8 13. Na4 Ne6 14. Be3 Bd6 15.
Nc6 Qd7 16. Rac1 Nd8 17. Nxd8 Raxd8 18. Bg5 Qe6 19. Bxf6 Qxf6 20. e3 g5 21. Nc3
Qe6 22. Qb3 Bf8 23. a4 f5 24. a5 Qd6 25. axb6 cxb6 26. e4 fxe4 27. Nxe4 Qg6 28.
Nc5 bxc5 29. Qxb7 cxd4 30. Bxd5+ Kh8 31. Bf7 Re7 32. Qxe7 Bxe7 33. Bxg6 hxg6 34.
Rd3 Rd6 35. Rc7 Bf6 36. Kf1 g4 37. Rb3 Rd8 38. Ke2 Rf8 39. Rbb7 Kg8 40. Rc6 a5
41. Ra6 1-0

[Event "9.Offene Senioren SH 2015"]
[Site "Buesum"]
[Date "2015.09.30"]
[Round "3.20"]
[White "Lehr, Thomas"]
[Black "Lomer, Edmund"]
[Result "0-1"]
[WhiteElo "1924"]
[BlackElo "2034"]
[PlyCount "240"]
[EventDate "2015.??.??"]
[WhiteTeam "Husumer SV"]
[BlackTeam "Eckernfoerder SC"]

1. e4 d5 2. exd5 Qxd5 3. Nf3 Nf6 4. Nc3 Qa5 5. d4 c6 6. Bc4 Bg4 7. O-O e6 8. Re1
Be7 9. Be2 O-O 10. h3 Bxf3 11. Bxf3 Nbd7 12. Bd2 Qb6 13. Bc1 Rfd8 14. Ne2 Ne5
15. c3 Nxf3+ 16. gxf3 Rac8 17. Qb3 Qc7 18. Bf4 Bd6 19. Bg3 Rd7 20. Rad1 Rcd8 21.
Bh4 Kh8 22. Kh1 Qa5 23. Bg3 Qf5 24. Kg2 Bb8 25. Bxb8 Rxb8 26. Ng3 Qf4 27. Re5
Rd5 28. Rde1 h5 29. Rxd5 cxd5 30. Re3 h4 31. Ne2 Qg5+ 32. Kh2 g6 33. Qa3 Ra8 34.
f4 Qf5 35. Qe7 Kg7 36. Qxb7 Rh8 37. Qc7 Ne4 38. Kg2 g5 39. Qe5+ Qf6 40. fxg5
Qxe5 41. dxe5 Nxg5 42. Nd4 Ne4 43. c4 Rb8 44. cxd5 exd5 45. b3 Rc8 46. Nf5+ Kf8
47. Nd6 Nxd6 48. exd6 Rd8 49. Re7 a6 50. Ra7 Rxd6 51. Kf1 d4 52. Ke2 d3+ 53. Kd2
Kg7 54. Re7 Rf6 55. Kxd3 Rxf2 56. a4 a5 57. Re3 Rf4 58. Re5 Rf3+ 59. Re3 Rxe3+
60. Kxe3 Kg6 61. Kf4 f5 62. Kf3 Kg5 63. Ke3 Kf6 64. Kf4 Ke6 65. Kg5 Ke5 66. Kxh4
Kf4 67. b4 axb4 68. a5 b3 69. a6 b2 70. a7 b1=Q 71. a8=Q Qe1+ 72. Kh5 Qe2+ 73.
Kg6 Qe6+ 74. Kg7 Qe7+ 75. Kg6 Qg5+ 76. Kf7 Qh5+ 77. Kf6 Qh6+ 78. Kf7 Qxh3 79.
Qb8+ Kg4 80. Qg8+ Kf4 81. Qb8+ Kf3 82. Qa8+ Kg3 83. Qa3+ Kg4 84. Qa4+ f4 85.
Qd7+ Kg3 86. Qd6 Qh7+ 87. Kf8 Qf5+ 88. Kg7 Kh4 89. Qd4 Qg4+ 90. Kf7 f3 91. Qf2+
Kh3 92. Qf1+ Kh2 93. Qf2+ Qg2 94. Qh4+ Qh3 95. Qf2+ Kh1 96. Qe1+ Kg2 97. Qe4 Kh2
98. Qc2+ Qg2 99. Qh7+ Kg1 100. Qb1+ Qf1 101. Qg6+ Kf2 102. Qb6+ Kg2 103. Qg6+
Kh1 104. Qh6+ Kg1 105. Qe3+ Qf2 106. Qc1+ Kg2 107. Qg5+ Qg3 108. Qd5 Qf4+ 109.
Ke8 Qg4 110. Kd8 Kh3 111. Qd3 Kg2 112. Qd5 Kh3 113. Qd3 Qg3 114. Qf1+ Kh2 115.
Qd3 f2 116. Qh7+ Kg1 117. Qa7 Qg8+ 118. Kc7 Qg7+ 119. Kb8 Qxa7+ 120. Kxa7 f1=Q
0-1

[Event "9.Offene Senioren SH 2015"]
[Site "Buesum"]
[Date "2015.09.30"]
[Round "3.21"]
[White "Baum, Bernd"]
[Black "Schmidt, Reinhard"]
[Result "1-0"]
[WhiteElo "2264"]
[BlackElo "1919"]
[PlyCount "53"]
[EventDate "2015.??.??"]
[WhiteTeam "SV Empor Erfurt"]
[BlackTeam "SFO Warnemuende"]

1. c4 Nf6 2. g3 c6 3. Nf3 d5 4. b3 g6 5. Bb2 Bg7 6. Bg2 O-O 7. O-O dxc4 8. bxc4
Be6 9. d3 Qc8 10. Re1 Rd8 11. Qc2 Na6 12. Nbd2 Bf5 13. Bc3 Ne8 14. Nb3 Bxc3 15.
Qxc3 Rb8 16. Rab1 b6 17. Ne5 Rd6 18. c5 Rf6 19. cxb6 Rxb6 20. Rec1 c5 21. e4 Be6
22. d4 Bxb3 23. axb3 Rb5 24. Bf1 Rb8 25. dxc5 Nec7 26. b4 Nb5 27. Qd3 1-0

[Event "9.Offene Senioren SH 2015"]
[Site "Buesum"]
[Date "2015.09.30"]
[Round "3.23"]
[White "Bendisch, Juergen"]
[Black "Neumann, Joachim"]
[Result "0-1"]
[WhiteElo "1901"]
[BlackElo "2105"]
[PlyCount "90"]
[EventDate "2015.??.??"]
[WhiteTeam "SV Hennef"]
[BlackTeam "SC Agon Neumuenster"]

1. d4 Nf6 2. Nf3 e6 3. e3 c5 4. Bd3 d5 5. dxc5 Bxc5 6. O-O O-O 7. Nbd2 Nc6 8. c3
e5 9. e4 Bg4 10. h3 Bh5 11. Qe1 Bg6 12. Bb1 d4 13. Nb3 Bb6 14. Nh4 dxc3 15. Nxg6
cxb2 16. Bxb2 hxg6 17. Bc2 Nh5 18. Kh1 Nf4 19. Kh2 Qg5 20. g3 Ne6 21. Bc1 Qe7
22. Be3 Ncd4 23. Bxd4 Bxd4 24. Rd1 Rfc8 25. Bd3 a5 26. Kg2 a4 27. Nxd4 Nxd4 28.
Qd2 Nc6 29. Qe2 Rd8 30. Bc4 Nd4 31. Qb2 b5 32. Bd5 Rac8 33. Rc1 Rc5 34. Rxc5
Qxc5 35. Rc1 Qd6 36. a3 Rd7 37. Rc8+ Kh7 38. Rc1 Rc7 39. Rxc7 Qxc7 40. Qb4 Kg8
41. h4 Qd7 42. Qc5 Qg4 43. Qc3 Ne2 44. Qe3 Nf4+ 45. Kg1 Qd1+ 0-1

[Event "9.Offene Senioren SH 2015"]
[Site "Buesum"]
[Date "2015.09.30"]
[Round "3.24"]
[White "Liphardt, Bodo"]
[Black "Kracht, Helmut"]
[Result "0-1"]
[WhiteElo "1892"]
[BlackElo "2039"]
[PlyCount "64"]
[EventDate "2015.??.??"]
[WhiteTeam "SC Novartis Basel"]
[BlackTeam "SK Kaltenkirchen"]

1. e4 c5 2. Nc3 e6 3. f4 Nc6 4. Nf3 d5 5. Bb5 Nf6 6. Qe2 Be7 7. d3 O-O 8. O-O
Nd4 9. Qf2 a6 10. e5 Ng4 11. Qg3 Nh6 12. Nxd4 cxd4 13. Ne2 Nf5 14. Qh3 axb5 15.
g4 Ne3 16. Rf2 Nxc2 17. Rb1 Rxa2 18. Ng3 Ne3 19. Ne2 Qa5 20. b4 Bxb4 21. Nxd4
Rxf2 22. Kxf2 Qa2+ 23. Rb2 Nd1+ 24. Kf3 Nxb2 25. f5 Nxd3 26. Be3 Nxe5+ 27. Kf4
Nd3+ 28. Kg5 f6+ 29. Kh5 Bd7 30. g5 exf5 31. g6 hxg6+ 32. Kxg6 Ne5+ 0-1

[Event "9.Offene Senioren SH 2015"]
[Site "Buesum"]
[Date "2015.09.30"]
[Round "3.25"]
[White "Bondick, Karl-Heinz"]
[Black "Wulf, Adalbert"]
[Result "1-0"]
[WhiteElo "2038"]
[BlackElo "1914"]
[PlyCount "91"]
[EventDate "2015.??.??"]
[WhiteTeam "USC Magdeburg"]
[BlackTeam "SV Ennigerloh-Oelde"]

1. d4 Nf6 2. f3 d6 3. c4 g6 4. Nc3 Bg7 5. e4 Nc6 6. Be3 O-O 7. Nge2 e5 8. d5 Ne7
9. Qd2 a5 10. g4 Nd7 11. Rg1 Kh8 12. h4 Ng8 13. Bg5 Bh6 14. Bxd8 Bxd2+ 15. Kxd2
Rxd8 16. Nb5 b6 17. Nxc7 Rb8 18. Nc3 Nc5 19. Bd3 Bd7 20. N7b5 Be8 21. Bc2 Kg7
22. g5 Rb7 23. a3 Bxb5 24. Nxb5 Na6 25. Raf1 Nc7 26. Ba4 Nxb5 27. Bxb5 f6 28. f4
exf4 29. Rxf4 fxg5 30. hxg5 Rf8 31. Rgf1 Rxf4 32. Rxf4 Re7 33. Kd3 h6 34. gxh6+
Nxh6 35. b4 axb4 36. axb4 g5 37. Rf1 Nf7 38. Kd4 g4 39. Rf4 Ne5 40. c5 bxc5+ 41.
bxc5 dxc5+ 42. Kxc5 g3 43. Bf1 Kg6 44. d6 Rg7 45. Kd5 Nd7 46. Rg4+ 1-0

[Event "9.Offene Senioren SH 2015"]
[Site "Buesum"]
[Date "2015.09.30"]
[Round "3.26"]
[White "Duemmke, Juergen"]
[Black "Schwetje, Siegfried"]
[Result "1/2-1/2"]
[WhiteElo "2035"]
[BlackElo "1906"]
[PlyCount "114"]
[EventDate "2015.??.??"]
[WhiteTeam "SV Grosshansdorf"]
[BlackTeam "SC Bad Salzdetfurth"]

1. e4 g6 2. d4 Bg7 3. Nf3 c6 4. Nc3 d5 5. h3 dxe4 6. Nxe4 Nd7 7. Bc4 Ngf6 8.
Nfg5 Nd5 9. c3 O-O 10. O-O N7f6 11. Nxf6+ Bxf6 12. Qe2 Re8 13. Nf3 Bg7 14. Ne5
Be6 15. h4 Nc7 16. h5 Bxc4 17. Qxc4 Qd5 18. hxg6 hxg6 19. Qe2 c5 20. Ng4 cxd4
21. cxd4 Bxd4 22. Be3 Bxe3 23. Qxe3 Qe6 24. Qg3 Qd6 25. Qxd6 exd6 26. Nf6+ Kg7
27. Nxe8+ Rxe8 28. Rac1 Re7 29. Rfe1 Rd7 30. Rc2 d5 31. Rd2 d4 32. g3 Ne6 33.
Kg2 Kf6 34. f4 Rd5 35. Kf3 Rd7 36. g4 Rd6 37. g5+ Kg7 38. Kg4 Rd5 39. Re4 Rd6
40. Re5 Rd7 41. Kf3 b6 42. Rc2 Nc5 43. Rexc5 bxc5 44. Rxc5 d3 45. Rc1 f6 46. Ke4
fxg5 47. fxg5 a5 48. Rd1 d2 49. b3 Kf7 50. Ke3 Rd5 51. Rxd2 Rxg5 52. Rd7+ Ke6
53. Ra7 Rb5 54. Kf4 Kf6 55. Ra6+ Kg7 56. Kg4 Rb4+ 57. Kg5 Rb5+ 1/2-1/2

[Event "9.Offene Senioren SH 2015"]
[Site "Buesum"]
[Date "2015.09.30"]
[Round "3.27"]
[White "Berenstein, Alexander"]
[Black "Merettig, Georg"]
[Result "1-0"]
[WhiteElo "2030"]
[BlackElo "1880"]
[PlyCount "110"]
[EventDate "2015.??.??"]
[WhiteTeam "SV VHS Rendsburg"]
[BlackTeam "SV Caissa Wolfenbuettel"]

1. d4 Nc6 2. Nf3 e6 3. g3 f5 4. Bg2 Nf6 5. O-O Ne7 6. c4 Ng6 7. a3 Be7 8. Nc3
O-O 9. Qc2 Nh5 10. Rd1 d6 11. e4 fxe4 12. Qxe4 d5 13. Qe2 Qe8 14. cxd5 exd5 15.
Nxd5 Bd6 16. Qxe8 Rxe8 17. Be3 c6 18. Nc3 Bg4 19. Re1 Nf6 20. Nd2 h5 21. Nc4 Bc7
22. d5 Bd7 23. dxc6 Bxc6 24. Bxc6 bxc6 25. Bd4 a5 26. Bxf6 gxf6 27. Kf1 Ne5 28.
Nxe5 Bxe5 29. Na4 Reb8 30. Re2 Rb3 31. Rc1 Re8 32. Rc5 h4 33. Rxa5 hxg3 34. hxg3
Rb5 35. Ra6 c5 36. Rc2 Bd4 37. b4 c4 38. Nc3 Rf5 39. f4 Kg7 40. Rd6 Be5 41. Rd7+
Kg6 42. Nd5 Ra8 43. Ne7+ Kf7 44. Nxf5+ Ke6 45. Rd1 Bb8 46. Nd4+ Kd5 47. Rc3 Ke4
48. Nb5 Ra6 49. Rxc4+ Kf3 50. Rd3+ Kg4 51. Kg2 Re6 52. f5+ Kxf5 53. Nd4+ Ke4 54.
Nxe6+ Kxd3 55. Rc8 Be5 1-0

[Event "9.Offene Senioren SH 2015"]
[Site "Buesum"]
[Date "2015.09.30"]
[Round "3.28"]
[White "Krneta, Slavko"]
[Black "Strenzke, Guenter"]
[Result "1/2-1/2"]
[WhiteElo "1871"]
[BlackElo "2018"]
[PlyCount "91"]
[EventDate "2015.??.??"]
[WhiteTeam "FG Wohlde"]
[BlackTeam "SCC Palame"]

1. e4 e6 2. d4 d5 3. Nd2 a6 4. Bd3 c5 5. c3 Bd7 6. e5 Nc6 7. Ne2 Qb6 8. Nf3 cxd4
9. cxd4 Nb4 10. Bb1 Bb5 11. a3 Bxe2 12. Qxe2 Nc6 13. Be3 Nge7 14. O-O h6 15. b4
g6 16. Bd3 Na7 17. Rac1 Nec6 18. Rc3 Nb5 19. Bxb5 axb5 20. Rfc1 Be7 21. Qd3 Kd7
22. Nd2 Ke8 23. f4 Rg8 24. Nf3 Kd7 25. h3 Rac8 26. g4 Na7 27. Rxc8 Rxc8 28. Rxc8
Nxc8 29. f5 gxf5 30. gxf5 Bf8 31. fxe6+ Qxe6 32. Qxb5+ Qc6 33. Qd3 Ne7 34. Kh2
b5 35. Nd2 Kc7 36. Nb1 Qc4 37. Qxc4+ dxc4 38. Nc3 Kc6 39. Bd2 Nd5 40. Ne4 Nc7
41. Bc3 Be7 42. Kg3 Kd5 43. Kf3 Ne6 44. Ke3 Bg5+ 45. Nxg5 Nxg5 46. h4 1/2-1/2